Migration und Integration als Thema der politischen Auseinandersetzung in der Schweiz diplomová práca

Saved in:
Bibliographic Details
Main Author: Korenačková, Monika
Corporate Author: Fakulta aplikovaných jazykov EU v Bratislave. Katedra interkultúrnej komunikácie
Other Authors: Štefančík, Radoslav, 1976-
Format: Book
Language:German
Published: Bratislava 2019
Tags: Add Tag
No Tags, Be the first to tag this record!

MARC

LEADER 00000nbm a2200000 4500
001 0254699
005 20191111104925.5
041 0 |a ger 
044 |a SK 
245 1 0 |a Migration und Integration als Thema der politischen Auseinandersetzung in der Schweiz  |b diplomová práca  |c Monika Korenačková ; školiteľ: Radoslav Štefančík 
264 1 |a Bratislava  |c 2019 
300 |a 59 s. 
100 1 |a Korenačková, Monika 
700 1 |a Štefančík, Radoslav, 1976- 
710 2 |a Fakulta aplikovaných jazykov EU v Bratislave. Katedra interkultúrnej komunikácie